| 000 | 00789cam a22002653a 4500 | ||
|---|---|---|---|
| 001 | 2414 | ||
| 003 | PGUSA | ||
| 005 | 20140828083014.0 | ||
| 008 | 001101s2000||||xxu|||||s|||||000 | eng d | ||
| 040 |
_aPGUSA _beng |
||
| 042 | _adc | ||
| 050 | 4 | _aPQ | |
| 100 | 1 | _aChrétien, de Troyes, active 12th century | |
| 245 | 1 | 0 |
_aCliges : _bA Romance _h[electronic resource] / _cde Troyes, active 12th century Chrétien |
| 260 |
_bProject Gutenberg, _c2000 |
||
| 506 | _aPublic domain in the USA. | ||
| 516 | _aElectronic text | ||
| 653 | _aRomances -- Translations into English | ||
| 653 | _aArthurian romances | ||
| 700 | 1 | _aGardiner, Laetitia Jane | |
| 740 | 0 | _aCligés. English | |
| 830 | 0 |
_aProject Gutenberg _v2414 |
|
| 856 | 4 | 0 | _uhttp://www.gutenberg.org/ebooks/2414 |
| 942 | _cEB | ||
| 999 |
_c231751 _d231751 |
||